000
00245nam a2200097Ia 4500
001
1184432
005
20250827020914.0
008
250824s9999 xx 000 0 und d
245
0
_a
NEŞESİ YETER
_c
İREM YAŞAR
260
_b
CEZVE KİTAP YAYINLARI
999
_c
1184432
_d
1184432